000 01202nam1a22002411i 4500
001 rc\1151593
005 20260407151236.0
035 _a(NLR Aleph) 006430641
090 _a5544518
_c5544518
100 _a20041129d1980 u |0rusy50 ca
101 0 _arus
102 _aRU
105 _ay |||||||||
200 1 _aМолочные продукты в СССР и за рубежом
_f[Л.Ф. Табачникова, Н.А. Сидоренко, Л.И. Некрасова, к. т. н. И.Я. Шеломкова]
210 _cЦНИИТЭИмясомолпром
_d1980
215 _d21
225 1 _aОбзорная информация
_fМ-во мяс. и молоч. пром-сти СССР, ЦНИИ информ. и техн.-экон. исслед.
_iЦельномолочная промышленность
701 1 _aТабачникова
_bЛ.Ф.
712 0 2 _aЦНИИ информации и технико-экономических исследований Министерства мясной и молочной промышленности СССР
_3RU\NLR\AUTH\8810026384
_9550975
801 0 _aRU
_bNLR
_gpsbo
801 1 _aRU
_bELAR
_2rusmarc
852 _aNLR
_j80-4/25200
942 _cBOOK